Statistiken für Beste asiatische Torschützen in der Champions League

Klicken Sie hier um das Quiz zu spielen!

Allgemein

  • Dieses Quiz wurde 203 mal gespielt
    (71 seit der letzten Aktualisierung)
  • Das Durchschnittsergebnis liegt bei 7 aus 21

Antwortstatistiken

Anzahl ToreNationalitätVerein(e)Spieler% Korrekt
19SüdkoreaLeverkusen, TottenhamSon Heung-Min
98%
4JapanDortmund, Man UnitedShinji Kagawa
94%
7Armenienu.a.Dortmund, ManUtdHenrikh Mkhitaryan
71%
3JapanFrankfurt, LazioDaichi Kamada
70%
4Südkoreau.a. ManUtdJi-Sung park
63%
9IranPortoMehdi Taremi
62%
3SüdkoreaLeipzigHee-Chan Hwang
54%
3GeorgienSchalkeLevan Kobiashvilli
49%
3IranBayernAli Daei
43%
6IranRubin, Rostov, ZenitSardar Azmoun
43%
3JapanZSKA MoskauKeisuke Honda
30%
4Israelu.a. LiverpoolYossi Benayoun
25%
3GeorgienDynamo Kiev, AC MailandKakhaber Kaladze
17%
4IsraelHapoel, MaccabiEran Zahavi
8%
4IsraelDonezkManur Solomen
2%
4IsraelMaccabi Tel AvivBaruch Dego
0%
3GeorgienDynamo KievGiorgi Demetradze
0%
11UsbekistanDynamo KievMaksim Shatskikh
0%
11ZypernPanathinaikos. OlympiakosMichalis Konstantinou
0%
5ZypernNikosia. OlympiakosSinisa Gogic
0%
3IsraelMaccabi Tel AvivYaniv Katan
0%

Verteilung der Resultate

Perzentil nach korrekt beantworteten Fragen

Anzahl Personen mit jedem Resultat

Ihre Resultats-Entwicklung

Sie haben dieses Quiz seit der letzten Aktualisierung nicht gespielt